00887nam a22002777a 45000010005000000030006000050050017000110080041000280200018000690400029000870500014001160820008001301000033001382450082001712500041002532600034002943000045003284900012003735050007003855200108003925210019005005210019005196500017005386500023005557000031005786508FISKH20250507114600.0250507b cb ||||| |||| 00| 0 eng d a9780590457835 aFISKHbengcFISKHdFISKH aPZ8.G28 M a468 aGelman, Golden Ritad(1937-) aMore spaghetti, i say! /cBy Rita Golden Gelman ; Illustrated by Mort Gerberg aThis edition first published in 1993 aNew York :bScholastic,c1993 a29 pages :bcolor illustrations ;c23 cm vLevel 2 aE  aMinnie the monkey is too busy eating spaghetti--all day, in all ways--to play with her friend Freddie. 8 a250 bLexile 8 aE bRaz-Plus  2FoodaReader 2RhymingaSpaghetti aGerberg, Mortdillustrator